01497nam a22002537a 450000500170000000800410001702000150005804000250007304100080009804400070010608200180011310000280013124500920015925000180025126000350026930000190030450400290032350506730035265000340102565000630105965000630112270000280118570000300121320150625110622.0150625b2005 ck ||||| |||| 00| 0 spa d a9588101204 aCO-BoIAVHcCO-BoIAVH0 aspa ack 4a327.101bA67c1 aArdila, MarthaeEditora1 aColombia y su política exterior en el siglo XXI/cMartha Ardila, Editora... [et. al.] a1a. Edición3 aBogotá:bGente Nueva,c2005. a412 p.c22 cm. aIncluye bibliografías. aPresentación. Colombia y su mundo externo: Dinámicas y Tendencias. El conflicto colombiano: Una perspectiva global. Colombia: seguridad y política exterior. Los nuevos flujos poblacionales y la política exterior colombiana. Integración y tratados de libre comercio. La política exterior ambiental de Colombia en el ambito global. Hacedores de paz y defensores de derechos humanos. Conflictos institucionales y culturales en la formulación y evaluación de las políticas contra las drogas. Encrucijadas de la cooperación internacional en Colombia. Los instrumentos de inserción internacional y la política exterior: Hacia una diplomacia integral. 4aPolítica exteriorzColombia 4aPolítica ambientalxRelaciones internacionaleszColombia 4aPolíticas socialesxRelaciones internacionaleszColombia1 aCardona, Diego.eEditor1 aRamirez, SocorroeEditora